Summa Theologiae Morales: complementum de Poenis Ecclesiasticis

Guardat en:
Dades bibliogràfiques
Autors principals: Noldin, H. (Hieronymus) (Autor), Schönegger, A (Autor), Heinzel, Godefridus (Autor)
Format: Llibre
Idioma:llatí
Publicat: Ratisbona Oeniponte 1956
Edició:37a. ed
Matèries:
Etiquetes: Afegir etiqueta
Sense etiquetes, Sigues el primer a etiquetar aquest registre!

MARC

LEADER 00000cam a2200000 a 4500
001 UCD1791
003 CL-VaPUC
008 160331e19560000gw |||||||||||||||||lat|d
082 0 4 |a 241  |b NOL  |2 21 
100 |a Noldin, H.  |q (Hieronymus)  |e author  |9 585034 
700 0 |a Schönegger, A  |e author  |9 584935 
700 |a Heinzel, Godefridus  |e author  |9 584942 
245 1 0 |a Summa Theologiae Morales: complementum de Poenis Ecclesiasticis 
250 |a 37a. ed 
300 |a 98 p 
942 |c BK 
945 |d 20160331 23:10:00  |a dcastane 
260 |a Ratisbona  |b Oeniponte  |c 1956 
650 0 |a Teología moral   |9 256617 
650 0 |a Eclesiología   |9 366152 
583 |a last modification  |c 20160331 23:10:00  |k Rodrigo Vera 
999 |c 363030  |d 363028 
952 |0 0  |1 0  |3 erb  |4 0  |6 241_000000000000000_NOL_1956  |7 0  |8 P  |9 474745  |a BIBTEO  |b BIBTES  |c TEO_FTES  |i 5278716  |o 241 NOL 1956  |p 5278716  |r 2024-01-18  |w 2019-11-24  |y BK  |z Catalogado en:20160331  |k ICR